| 000 | 00685nam a2200217Ia 4500 | ||
|---|---|---|---|
| 001 | 23425 | ||
| 003 | GE_BSU | ||
| 008 | 181216s||||||||xx |||||||||||||| ||und|| | ||
| 040 | _cGE_BSU | ||
| 245 | _aРеферативный журнал, №4.2018.Биология. | ||
| 245 | _bРаздел. Ботаника.Высшие растения. | ||
| 245 | _cгл.ред.РАН Р.В.Петров и др. | ||
| 260 | _aмосква | ||
| 260 | _bвинити | ||
| 260 | _c2018г | ||
| 300 | _a36гв;30см; | ||
| 653 | _aПериодика | ||
| 653 | _aРеферативный журнал. №4.2018.Биология. | ||
| 653 | _aპერიოდიკა | ||
| 942 | _cCR | ||
| 999 |
_c56312 _d56312 |
||